Phác thảo giá trị di sản mộc bản chùa Vĩnh Nghiêm, chùa Bổ Đà tỉnh Bắc Giang /
Αποθηκεύτηκε σε:
| Κύριος συγγραφέας: | |
|---|---|
| Άλλοι συγγραφείς: | |
| Μορφή: | Άρθρο |
| Γλώσσα: | Vietnamese |
| Θέματα: | |
| Ετικέτες: |
Προσθήκη ετικέτας
Δεν υπάρχουν, Καταχωρήστε ετικέτα πρώτοι!
|
| Thư viện lưu trữ: | Thư viện Trường Đại học Đà Lạt |
|---|
| LEADER | 00965nam a2200313 4500 | ||
|---|---|---|---|
| 001 | DLU190193228 | ||
| 005 | ##20191105 | ||
| 040 | # | # | |a DLU |b vie |
| 041 | # | # | |a vie |
| 044 | # | # | |a vn |
| 100 | # | # | |a Nguyễn Quốc Tuấn. |
| 245 | # | # | |a Phác thảo giá trị di sản mộc bản chùa Vĩnh Nghiêm, chùa Bổ Đà tỉnh Bắc Giang / |c Nguyễn Quốc Tuấn, Nguyễn Thị Quế Hương. |
| 653 | # | # | |a Bắc Giang |
| 653 | # | # | |a Bổ Đà |
| 653 | # | # | |a Giá trị di sản |
| 653 | # | # | |a Mộc bản |
| 653 | # | # | |a Vĩnh Nghiêm |
| 653 | # | # | |a Việt Nam |
| 700 | # | # | |a Nguyễn Thị Quế Hương. |
| 773 | # | # | |t Nghiên cứu Tôn giáo |g Số 1&2(160), 2017, tr. 55-68 |
| 920 | # | # | |a Phòng Tạp chí -- Trung tâm Thông tin - Thư viện Trường Đại học Đà Lạt |
| 994 | # | # | |a DLU |
| 900 | # | # | |a True |
| 911 | # | # | |a Hoàng Thị Huyền |
| 925 | # | # | |a G |
| 926 | # | # | |a A |
| 927 | # | # | |a BB |
| 980 | # | # | |a Thư viện Trường Đại học Đà Lạt |